|
|
|
|
| LEADER |
01116nam a2200301 i 4500 |
| 001 |
c000041389 |
| 003 |
CARM |
| 005 |
00000000000000.0 |
| 008 |
741101s1974 ohu br 00110 eng |
| 019 |
1 |
|
|a 734438
|5 LACONCORD2021
|
| 020 |
|
|
|a 0882440640 :
|c $7.95
|
| 035 |
|
|
|a (OCoLC)1095577
|5 LACONCORD2021
|
| 043 |
|
|
|a n-us---
|
| 050 |
0 |
0 |
|a HF5001
|b .L33
|
| 100 |
1 |
|
|a Ledbetter, William.
|
| 245 |
1 |
2 |
|a A directory of American business periodicals /
|c William Ledbetter, L. W. Denton.
|
| 260 |
|
|
|a Columbus, Ohio :
|b Grid, inc.,
|c [1974]
|
| 300 |
|
|
|a iii, 167 p. ;
|c 28 cm.
|
| 500 |
|
|
|a Includes index.
|
| 504 |
|
|
|a Bibliography: p. 151.
|
| 650 |
|
0 |
|a Business
|x Periodicals
|x Directories.
|
| 650 |
|
0 |
|a Social sciences
|x Periodicals
|x Directories.
|
| 650 |
|
0 |
|a American periodicals
|x Directories.
|
| 700 |
1 |
|
|a Denton, Lynnard Wayne,
|e joint author.
|
| 852 |
8 |
|
|b CARM
|h A2:AP30E0
|i D04589
|p 0188343
|f BK
|
| 082 |
0 |
4 |
|a 016.33/005
|
| 999 |
f |
f |
|i a7b98a03-3fbd-5d1a-86ab-52ef92847c35
|s ad968f02-680d-5e6e-b80e-c18d88c642f1
|
| 952 |
f |
f |
|p Can circulate
|a CAVAL
|b CAVAL
|c CAVAL
|d CARM 1 Store
|e D04589
|f A2:AP30E0
|h Other scheme
|i book
|m 0188343
|